| 000 | 01057cam a2200325 i 4500 | ||
|---|---|---|---|
| 001 | 17157354 | ||
| 003 | EG-ScBUE | ||
| 005 | 20230515124441.0 | ||
| 008 | 120209t2011 enk f b 001 0 eng d | ||
| 020 | _a9781107401983 (pbk.) | ||
| 040 |
_aDLC _beng _erda _cDLC _dEG-ScBUE |
||
| 082 | 0 | 4 |
_a160 _222 _bFIS |
| 100 | 1 |
_aFisher, Alec, _eauthor. |
|
| 245 | 1 | 0 |
_aCritical thinking : _ban introduction / _cAlec Fisher. |
| 250 | _aSecond edition. | ||
| 264 | 1 |
_aCambridge, United Kingdom : _bCambridge University Press, _c[2011] |
|
| 264 | 4 | _cc2011 | |
| 300 |
_aviii, 294 pages ; _c25 cm |
||
| 336 |
_2rdacontent _atext _btxt |
||
| 337 |
_2rdamedia _aunmediated _bn |
||
| 338 |
_2rdacarrier _avolume _bnc |
||
| 504 | _aIncludes bibliographical references and index. | ||
| 650 | 7 |
_aCritical thinking. _2BUEsh |
|
| 650 | 7 |
_aCritical thinking _vProblems, exercises, etc. _2BUEsh |
|
| 653 |
_bHHUUPPSS _cMay2023 |
||
| 655 | _vReading book | ||
| 906 |
_a7 _bcbc _corignew _d2 _encip _f20 _gy-gencatlg |
||
| 942 |
_2ddc _cBB |
||
| 999 |
_c30390 _d30361 |
||